[Event "IND AICF-ch blind 18th"]
[Site "Odisha"]
[Date "2025.04.06"]
[Round "9"]
[White "Madhukesh, Ram"]
[Black "Prachurya, Kumar Pradhan"]
[Result "0-1"]
[WhiteElo "1663"]
[BlackElo "1747"]
[PlyCount "83"]
[EventDate "2025.04.02"]
[EventType "swiss"]
[EventRounds "9"]
[EventCountry "IND"]
[SourceTitle "CB15_2025"]
[SourceDate "2025.04.09"]
[SourceVersion "1"]
[SourceVersionDate "2025.04.09"]
[SourceQuality "1"]

1. e4 c6 2. d4 d5 3. Nc3 dxe4 4. Nxe4 Nd7 5. Nf3 Ngf6 6. Ng3 e6 7. Bd3 c5 8. c3 Be7 9. 0-0 0-0 10. Re1 b6 11. Bd2 Bb7 12. Qe2 Rc8 13. Ba6 Qc7 14. Ng5 Bxa6 15. Qxa6 cxd4 16. cxd4 Nd5 17. Rac1 Qb8 18. Qb5 N7f6 19. h3 Bd6 20. N3e4 Bh2+ 21. Kh1 Bf4 22. Bxf4 Qxf4 23. Rxc8 Rxc8 24. Qe2 h6 25. Nxf6+ Qxf6 26. Nf3 Qg6 27. Ne5 Qf5 28. Nd3 Rc4 29. Ne5 Rxd4 30. Nc6 Rh4 31. Rd1 Qe4 32. Qxe4 Rxe4 33. Rd2 a6 34. Kg1 Nb4 35. Nxb4 Rxb4 36. b3 a5 37. Kf1 Kf8 38. Ke2 Ke7 39. Ke3 Rb5 40. Rd3 Rc5 41. Kf3 b5 42. g3 0-1

[Event "IND AICF-ch blind 18th"]
[Site "Odisha"]
[Date "2025.04.05"]
[Round "8"]
[White "Rakesh, Narwal"]
[Black "Madhukesh, Ram"]
[Result "0-1"]
[WhiteElo "1621"]
[BlackElo "1663"]
[PlyCount "92"]
[EventDate "2025.04.02"]
[EventType "swiss"]
[EventRounds "9"]
[EventCountry "IND"]
[SourceTitle "CB15_2025"]
[SourceDate "2025.04.09"]
[SourceVersion "1"]
[SourceVersionDate "2025.04.09"]
[SourceQuality "1"]

1. e4 c5 2. Nf3 d6 3. d4 cxd4 4. Nxd4 Nf6 5. Bb5+ Bd7 6. Bxd7+ Qxd7 7. Nc3 Nc6 8. 0-0 g6 9. Re1 Bg7 10. Nxc6 bxc6 11. e5 dxe5 12. Rxe5 Nd5 13. Re2 e6 14. Ne4 0-0 15. c4 Nb6 16. Qxd7 Nxd7 17. Rb1 Ne5 18. b3 Rfd8 19. Bg5 Rf8 20. Rd2 f6 21. Be3 Rad8 22. Rbd1 Rxd2 23. Rxd2 f5 24. Nc5 Re8 25. h3 Bf8 26. Nd7 Nxd7 27. Rxd7 a5 28. Rc7 Rd8 29. Kf1 Rd1+ 30. Ke2 Ra1 31. Rxc6 Rxa2+ 32. Kd3 e5 33. Ra6 e4+ 34. Kd4 Ra3 35. Rb6 Bb4 36. c5 Rxb3 37. Rb8+ Kf7 38. Rb7+ Ke6 39. Rb6+ Kd7 40. Rd6+ Kc8 41. Kc4 Rb1 42. Rc6+ Kd7 43. Rd6+ Ke8 44. Rb6 Rb2 45. Kd5 Rb3 46. Ke6 Rd3 0-1

[Event "IND AICF-ch blind 18th"]
[Site "Odisha"]
[Date "2025.04.04"]
[Round "5"]
[White "Madhukesh, Ram"]
[Black "Arun, Kumar3"]
[Result "1-0"]
[WhiteElo "1663"]
[BlackElo "1593"]
[PlyCount "79"]
[EventDate "2025.04.02"]
[EventType "swiss"]
[EventRounds "9"]
[EventCountry "IND"]
[SourceTitle "CB15_2025"]
[SourceDate "2025.04.09"]
[SourceVersion "1"]
[SourceVersionDate "2025.04.09"]
[SourceQuality "1"]

1. e4 d6 2. d4 Nf6 3. Bd3 e5 4. c3 Nbd7 5. Nf3 Be7 6. 0-0 0-0 7. Nbd2 c6 8. Re1 Qc7 9. Nf1 Re8 10. Ng3 Bf8 11. Nf5 a6 12. h3 b5 13. a4 Bb7 14. Be3 c5 15. d5 c4 16. Bc2 Nc5 17. Bg5 Nfd7 18. N3h4 f6 19. Bd2 Nb6 20. axb5 axb5 21. Qg4 Kh8 22. Qh5 Kg8 23. Rxa8 Rxa8 24. Re3 Bc8 25. Rg3 Bd7 26. Nh6+ Kh8 27. Qf7 Be6 28. Qxc7 Nxd5 29. exd5 Bxd5 30. Be3 Nd3 31. Bxd3 cxd3 32. Bd2 e4 33. Qb6 Bc4 34. N6f5 g5 35. Ne3 gxh4 36. Rg4 Re8 37. Nxc4 bxc4 38. Qb5 Re7 39. Qxc4 f5 40. Qg8# 1-0

[Event "IND AICF-ch blind 18th"]
[Site "Odisha"]
[Date "2025.04.03"]
[Round "3"]
[White "Sam, Peniel P"]
[Black "Madhukesh, Ram"]
[Result "1-0"]
[WhiteElo "1549"]
[BlackElo "1663"]
[PlyCount "103"]
[EventDate "2025.04.02"]
[EventType "swiss"]
[EventRounds "9"]
[EventCountry "IND"]
[SourceTitle "CB15_2025"]
[SourceDate "2025.04.09"]
[SourceVersion "1"]
[SourceVersionDate "2025.04.09"]
[SourceQuality "1"]

1. e4 c5 2. Nf3 d6 3. d4 cxd4 4. Nxd4 Nf6 5. f3 g6 6. c4 Bg7 7. Nc3 Nc6 8. Be3 a6 9. Be2 Qc7 10. 0-0 0-0 11. Qd2 Bd7 12. Rac1 Qa5 13. Rfd1 Rac8 14. Nb3 Qd8 15. Nd5 Nxd5 16. cxd5 Ne5 17. h3 Ba4 18. Rxc8 Qxc8 19. Rc1 Qb8 20. Nd4 Rc8 21. b3 Be8 22. a4 Nd7 23. b4 Nf6 24. b5 axb5 25. Nxb5 Bd7 26. Bb6 h5 27. a5 Kh7 28. Na7 Rxc1+ 29. Qxc1 Ba4 30. Qc8 Qxc8 31. Nxc8 Nd7 32. Bd8 Nc5 33. Bxe7 Bd7 34. Nxd6 Bd4+ 35. Kf1 Kg7 36. Bb5 Bxb5+ 37. Nxb5 Be3 38. Ke2 Bg1 39. d6 Nd7 40. Kd3 f6 41. Kc4 Kf7 42. Kd5 Be3 43. Na3 Bf2 44. Nc4 b5 45. axb6 Bxb6 46. Kc6 Ke8 47. Nxb6 Nxb6 48. Kxb6 Kd7 49. h4 f5 50. exf5 gxf5 51. f4 Kc8 52. Kc6 1-0